| 000 | 00677nam a2200277Ia 4500 | ||
|---|---|---|---|
| 005 | 20260324124912.0 | ||
| 008 | 008 260324s9999 xx 000 0 eng d | ||
| 020 | _a9780367817756 | ||
| 037 | _aEBOOK | ||
| 040 | _aCRL | ||
| 040 | _beng | ||
| 040 | _cCRL | ||
| 041 | _2eng | ||
| 041 | _aeng | ||
| 084 | _qCRL | ||
| 100 |
_aS.R. Hashim; N.S. Siddharthan _91175940 |
||
| 245 | 0 | _aHigh-Tech Industries, Employment and Global Competitiveness | |
| 260 | _bTaylor and Francis | ||
| 260 | _c2009 | ||
| 365 | _a | ||
| 365 | _b220 | ||
| 856 | _uhttp://www.taylorfrancis.com/books/9780367817756 | ||
| 942 | _cEBOOK | ||
| 999 |
_c1770733 _d1770733 |
||